000 01709cam a2200409 a 4500
999 _c130065
_d130065
001 17523055
003 ARRUPE
005 20191118103655.0
008 121107s2013 pau b 001 0 eng c
010 _a 2012045108
020 _a9780812244953
040 _aPU/DLC
_cPU
_dDLC
041 1 _aeng
_hger
042 _apcc
043 _ae-fr---
_ae-uk---
_af-ae---
_af-ke---
050 0 0 _aJC599.K4
_bK5613 2013
082 0 0 _a965/.046
_223
100 1 _aKlose, Fabian.
_948760
240 1 0 _aMenschenrechte im Schatten kolonialer Gewalt.
_lEnglish
245 1 0 _aHuman rights in the shadow of colonial violence :
_bthe wars of independence in Kenya and Algeria /
_cFabian Klose ; translated by Dona Geyer.
250 _a1st ed.
260 _aPhiladelphia :
_bUniversity of Pennsylvania Press,
_cc2013.
300 _axvii, 369 p. ;
_c24 cm.
490 1 _aPennsylvania studies in human rights
500 _aEnglish translation of Menschenrechte im Schatten kolonialer Gewalt: die Dekolonisierungskriege in Kenia und Algerien 1945-1962, published in 2009 by Oldenbourg.
504 _aIncludes bibliographical references and index.
650 0 _aHuman rights
_zKenya.
_924650
650 0 _aHuman rights
_zAlgeria.
_948761
651 0 _aKenya
_xHistory
_yMau Mau Emergency, 1952-1960.
_91542
651 0 _aAlgeria
_xHistory
_yRevolution, 1954-1962.
_96108
651 0 _aGreat Britain
_xColonies
_zAfrica.
_921881
651 0 _aFrance
_xColonies
_zAfrica.
_932044
830 0 _aPennsylvania studies in human rights.
_919012
906 _a7
_bcbc
_corignew
_d1
_eecip
_f20
_gy-gencatlg
942 _2lcc
_cMONOGRAPH